000 00446nam a2200181Ia 4500
001 22406
005 20260414150829.0
008 260414t1995||||xx |||||||||||||| ||spa||
041 _aESP
082 _a621.381
_bG77
100 _aGray, Paul R.
_eAUT
245 0 _aAnálisis y diseño de circuitos integrados analógicos
_b
260 _c1995
300 _a792 páginas :
_c\N
650 _aTCA
654 _aCET
942 _cLIB
_dJUS
_fJUS
_2ddc
_n
999 _c22406
_d22406